000
00266nam a2200109Ia 4500
008
220204s9999 xx 000 0 und d
082
_a
681.31WWW
_b
BAU
100
_a
Baumgardt
245
0
_a
Creative web design
260
_a
Berlin
_b
Springer-Verlag
_c
1998
942
_c
BK
999
_c
41673
_d
41673